Welcome to CU Library Online Public Access Catalogue (OPAC)

New Testament theology : (Record no. 6821)

MARC details
000 -LEADER
fixed length control field 00805cam a2200229 i 4500
001 - CONTROL NUMBER
control field 3681529
005 - DATE AND TIME OF LATEST TRANSACTION
control field 20250702174641.0
008 - FIXED-LENGTH DATA ELEMENTS--GENERAL INFORMATION
fixed length control field 780313s1978 miu b 001 0 eng
020 ## - INTERNATIONAL STANDARD BOOK NUMBER
International Standard Book Number 0802817335 :
Terms of availability $5.95
020 ## - INTERNATIONAL STANDARD BOOK NUMBER
International Standard Book Number 9780802817334
050 00 - LIBRARY OF CONGRESS CALL NUMBER
Classification number BS2397
Item number .H34
082 00 - DEWEY DECIMAL CLASSIFICATION NUMBER
Classification number 230
100 1# - MAIN ENTRY--PERSONAL NAME
Personal name Hasel, Gerhard F.
245 10 - TITLE STATEMENT
Title New Testament theology :
Remainder of title basic issues in the current debate /
Statement of responsibility, etc. by Gerhard F. Hasel.
260 ## - PUBLICATION, DISTRIBUTION, ETC.
Place of publication, distribution, etc. Grand Rapids :
Name of publisher, distributor, etc. Eerdmans,
Date of publication, distribution, etc. c1978.
300 ## - PHYSICAL DESCRIPTION
Extent 254 p. ;
Dimensions 21 cm.
500 ## - GENERAL NOTE
General note Includes indexes.
650 #0 - SUBJECT ADDED ENTRY--TOPICAL TERM
Topical term or geographic name entry element Theology
General subdivision Methodology.
856 42 - ELECTRONIC LOCATION AND ACCESS
Materials specified Contributor biographical information
Uniform Resource Identifier <a href="http://www.loc.gov/catdir/enhancements/fy1606/78004830-b.html">http://www.loc.gov/catdir/enhancements/fy1606/78004830-b.html</a>
856 42 - ELECTRONIC LOCATION AND ACCESS
Materials specified Publisher description
Uniform Resource Identifier <a href="http://www.loc.gov/catdir/enhancements/fy1606/78004830-d.html">http://www.loc.gov/catdir/enhancements/fy1606/78004830-d.html</a>
942 ## - ADDED ENTRY ELEMENTS (KOHA)
Source of classification or shelving scheme Library of Congress Classification
Koha item type Books
Suppress in OPAC No
999 ## -
-- 6821
-- 6821
Holdings
Withdrawn status Lost status Source of classification or shelving scheme Damaged status Not for loan Collection Home library Current library Shelving location Date acquired Total checkouts Full call number Barcode Date last seen Copy number Price effective from Koha item type
    Library of Congress Classification     Non-fiction Undergraduate Library (Christ Temple) Undergraduate Library (Christ Temple) General stacks 07/02/2025   BS2397 HAS ulct00003673 07/02/2025 1 06/10/2025 Books
    Library of Congress Classification     Non-fiction Undergraduate Library (Christ Temple) Undergraduate Library (Christ Temple) General stacks 07/02/2025   BS2397 HAS ulct00003674 07/02/2025 2 06/10/2025 Books
© 2023-2024 Copyright: Central University Libraries. All Rights Reserved | Created by: Mahone Tech Office